000 01300nam a2200337Ia 4500
001 ebr10594939
003 CaPaEBR
006 m u
007 cr cn|||||||||
008 030430s2004 nyu sb s001 0 eng d
010 _z 2003052618
020 _z0791460479 (alk. paper)
020 _z0791460487 (pbk. : alk. paper)
020 _z9780791460474
020 _z9780791485286
040 _aCaPaEBR
_cCaPaEBR
035 _a(OCoLC)62739379
050 1 4 _aBF109.F74
_bR47 2004eb
082 0 4 _a150.19/52/092
_221
245 0 0 _aRereading Freud
_h[electronic resource] :
_bpsychoanalysis through philosophy /
_cedited by Jon Mills.
260 _aAlbany :
_bState University of New York Press,
_cc2004.
300 _axiv, 224 p.
504 _aIncludes bibliographical references and index.
533 _aElectronic reproduction.
_bPalo Alto, Calif. :
_cebrary,
_d2011.
_nAvailable via World Wide Web.
_nAccess may be limited to ebrary affiliated libraries.
600 1 0 _aFreud, Sigmund,
_d1856-1939.
650 0 _aPsychoanalysis and philosophy.
655 7 _aElectronic books.
_2local
700 1 _aMills, Jon,
_d1964-
710 2 _aebrary, Inc.
856 4 0 _uhttp://site.ebrary.com/lib/rucke/Doc?id=10594939
_zAn electronic book accessible through the World Wide Web; click to view
999 _c217623
_d217623